Movies Quiz

Random Movies or Oscar Quiz

Best Picture Wikipedia Tangents Quiz Stats

 Plays Quiz not verified by Sporcle

Challenge
Share
Tweet
Embed
Score 0/20 Timer 05:00
0 Plays Today
Links Film % Correct
Itzhak Stern / Amon Goeth / Golden Party BadgeSchindler's List
70.7%
Bear Bryant / Stand in the Schoolhouse Door / Ping Pong DiplomacyForrest Gump
69.7%
first communion / Moe Greene / Rocco LamponeThe Godfather Part II
63.1%
galley slave / Pontius Pilate / leprosyBen-Hur
61.9%
The Rose Theater / Christopher Marlowe / boy playerShakespeare in Love
56.7%
statutory rape / electroconvulsive therapy / bacchanaliaOne Flew Over the Cuckoo's Nest
49.1%
confession (religion) / Joseph II, Holy Roman Emperor / The Magic FluteAmadeus
49.1%
tetraplegia / assisted suicide / Irish languageMillion Dollar Baby
47%
offender profile / quid pro quo / sex-change operationThe Silence of the Lambs
44.1%
expatriate / Czech resistance / La MarseillaiseCasablanca
43.9%
Links Film % Correct
elocution / shilling / Ascot RacecourseMy Fair Lady
41.2%
Buick Roadmaster / Who's on First? / Las Vegas StripRain Man
35.9%
cartographer / Benghazi / Italian campaign (World War II)The English Patient
32.4%
Nonnberg Abbey / Laendler / AnschlussThe Sound of Music
30.7%
Twelve Oaks / blockade runner / ScalawagGone with the Wind
27%
beauty spot / 1929 Stock Market Crash / nitrate filmThe Artist
20.6%
20th Century Limited / past-posting / trifectaThe Sting
18.1%
advertising / character assassination / jungle gymKramer vs. Kramer
17.1%
Reform Club / India / International Date LineAround the World in 80 Days
17.1%
joint (cannabis) / Chippewa Falls, Wisconsin / Seems Like Old Times (song)Annie Hall
15.9%

You're not logged in!

Compare scores with friends on all Sporcle quizzes.
OR
Log In

You Might Also Like...

Show Comments

Extras

Top Quizzes Today


Score Distribution

Your Account Isn't Verified!

In order to create a playlist on Sporcle, you need to verify the email address you used during registration. Go to your Sporcle Settings to finish the process.

Report this User

Report this user for behavior that violates our Community Guidelines.

Details: